| 000 | 00948nam a2200241Ia 4500 | ||
|---|---|---|---|
| 003 | OSt | ||
| 005 | 20221005113120.0 | ||
| 006 | a|||||r|||| 00| 0 | ||
| 007 | ta | ||
| 008 | 221004b |||||||| |||| 00| 0 pan d | ||
| 020 |
_a8187654732 (hbk) _c160 |
||
| 024 | _a96305 | ||
| 037 |
_b211, 31/12/2008, H.K. Prakashan _cTextual |
||
| 040 |
_aCRL _cCRL _bpan |
||
| 041 |
_2pan _apan |
||
| 082 | _aQ8441:21:g, 153P3 | ||
| 100 |
_aਸੰਤੋਖ ਸਿੰਘl ਹਰਜੀਤ ਸਿੰਘ, ਥਦ। _9624473 |
||
| 245 | 0 | _aਮਹਾਂ ਕਵੀ ਭਾਈ ਸੰਤੋਖ ਸਿੰਘ ਦਾ ਰਚਨਾੑਸੰਸਾਰ | |
| 260 |
_aਦਿੱਲੀ _bਮਨਪ੍ਰੀਤ ਪ੍ਰਕਾਨ ਭਾਰਤ _c2003 |
||
| 300 |
_a136ਪੰ _ccm. |
||
| 942 |
_hQ8441:21:g, 153P3 _cTEXL _2cc |
||
| 999 |
_c1027098 _d1027098 |
||